As aventuras de Cebolinho (Registo nº 4576)

Detalhes MARC
000 -Etiqueta do registo
Cabeçalho 00824nam0a2200265 4500
005 - Identificador da versão
Campo de controlo 20240813122105.0
035 ## - Other System Control Numbers
System Control Number (bn)33964
System Control Number 33964
100 ## - Dados gerais de processamento
Dados gerais de processamento 20170209d1984 cd y0pory5003 ba
102 ## - Pais de publicação ou produção
País de publicação Portugal
101 1# - Língua de publicação
Língua do texto, banda sonora, etc. Português
Língua do documento no original Italiano
215 ## - Descrição física 
Indicação específica da natureza do documento e extensão da espécie 146, [2] p.
Outras indicações físicas il. color
200 1# - Titulo e menção de responsabilidade
Título próprio As aventuras de Cebolinho
Primeira menção de responsabilidade Gianni Rodari
Outras menções de responsabilidade trad. Carlos Grifo Babo
-- il. Rui Ligeiro
225 1# - Colecção 
Título próprio da colecção Volta ao mundo
Indicação de volume 2
210 ## - Publicação, Distribuição, etc. 
Lugar da edição, distribuição, etc. Lisboa
Nome do editor, distribuidor, etc. Presença
Data da publicação, distribuição, etc. [1984?]
Data da impressão imp. 1984
606 ## - Nome comum usado como assunto
Número de registo de entrada de autoridade 0001681
Palavra de ordem Literatura italiana
Subdivisão de assunto Romances de aventuras
Código do sistema CA
675 ## - Classificação Decimal Universal (CDU)
Notação 821.131.1-311.3
Edição 3ª ed.
Língua da edição por
702 #1 - Nome de autor-pessoa física (responsabilidade secundária)
Número de registo de entrada de autoridade 0000557
Palavra de ordem Babo
Outra parte do nome não tomada para palavra de ordem Carlos Grifo
Datas 1919-
Código de função Tradutor
Número de registo de entrada de autoridade 0001680
Palavra de ordem Ligeiro
Outra parte do nome não tomada para palavra de ordem Rui
Código de função Ilustrador / Técnico de desenho computorizado
700 #1 - Nome de autor-pessoa física (responsabilidade principal)
Número de registo de entrada de autoridade 0000848
Palavra de ordem Rodari
Outra parte do nome não tomada para palavra de ordem Gianni
Datas 1920-1980
966 ## - Identificação da Biblioteca
Sigla EBVEN
942 ## - Elementos de entrada adicionados (Koha)
Tipo de item no Koha Livro
Exemplares
Situação do levantamento Origin of item (home branch) (coded) Biblioteca de empréstimo Código de barras Cota Circulation type (not for loan) Tipo de documento Nota do exemplar Damaged status
  Biblioteca Escolar das Vendas Biblioteca Escolar das Vendas BEV138 8EST ROD   Livro Sem mensagem